| 000 | 01207nam0a22003251 4500 | ||
|---|---|---|---|
| 001 | v19\rc\1594939 | ||
| 005 | 20260407071711.0 | ||
| 035 | _a(NLR Aleph) 004718576 | ||
| 090 |
_a4300240 _c4300240 |
||
| 100 | _a20061002d1895 u y0rusy50 ca | ||
| 101 | 0 | _arus | |
| 102 | _aRU | ||
| 105 | _aa z ||||| | ||
| 200 | 1 |
_aСокращенное руководство столярного ремесла _eОбщий курс _fМ.А. Нетыкса |
|
| 210 |
_aМосква _cК.И. Тихомиров _d1895 |
||
| 215 |
_a[2], II, VI, 266 с. _cил. _d18 |
||
| 300 | _aВо 2-м изд. подзаг. отсутствует | ||
| 300 | _aЗагл. обл 1-го изд.: Руководство столярного ремесла | ||
| 517 | 0 | _aРуководство столярного ремесла | |
| 700 | 1 |
_7ca _8rus _aНетыкса _bМ.А. _fок.1862-1921 _gМихаил Адольфович _3RU\NLR\AUTH\770289413 _92695180 |
|
| 801 | 0 |
_aRU _bNLR _gpsbo |
|
| 801 | 0 |
_aRU _bRuMoRGB _2psbo |
|
| 801 | 1 |
_aRU _bProSoft-M _2rusmarc |
|
| 852 |
_aNLR _j18.187.5.44 |
||
| 899 |
_aRuMoRGB _jA 228/792 |
||
| 899 |
_aRuMoRGB _jA 125/419 |
||
| 899 | _aБАН | ||
| 942 | _cBOOK | ||
| 980 | _aNB | ||